000 01862nam a22002537a 4500
005 20200104041623.0
008 101008s2010 ck abo r 001 0 spa d
020 _a9789587195019
040 _aCO-BoIAVH
_cCO-BoIAVH
041 0 _aspa
044 _ack
082 0 4 _a584.5
_bG15p
100 1 _aGaleano-Garcés, Gloria Amparo
_d1958-
_936760
245 1 0 _aPalmas de Colombia :
_bGuía de campo /
_cGloria Amparo Galeano-Garcés y Rodrigo Germán Bernal González ; editor invitado Henrik Balslev ; ilustraciones Eduard Martínez
260 _aBogotá
_bUniversidad Nacional de Colombia, Facultad de Ciencias, Instituto de Ciencias Naturales
_c2010
300 _a688 p.
_bil., fotos y mapas a color
_c23 cm.
504 _aIncluye referencias bibliográficas (p. 653-659), glosario e índices.
505 0 _tEstructura de las palmas.Distribución, Ecología, Usos, Conservación, Estudio de las palmas en Colombia.Clasificación, Nomenclatura, Plantas que pueden confundirse con palmas, Palmas Nativas de Colombia, Clave para identificar los géneros de palmas de Colombia, Raphia, Lepidocaryum, Mauritia, Mauritiella, Coccothrinax, Chelyocarpus, Cryosophila, Itaya, Acoelorrhaphe, Copernicia, Ceroxylon, Ammandra, Phytelephas, Iriartella. Dictyocaryum, Socratea, Wettinia, Synechanthus, Chamaedorea, Roystonea, Reinhardtia, Attalea, Cocos, Syagrus, Parajubaea, Acrocomia, Astrocaryum, Aiphanes, Bactris, Desmoncus, Elaeis, Manicaria, Hyospathe, Euterpe, Prestoea, Oenocarpus, Welfia, Pholidostachys, Calyptrogyne, Asterogyne, Geonoma, Leopoldinia, Lista de las palmas de Colombia, Palmas exóticas cultivadas en Colombia
650 1 4 _aPalmas
_zColombia
_vClasificación
_936761
700 1 _aBernal González, Rodrigo Germán
_d1959-
_936762
700 1 _aBalslev, Henrik
_d1951-
_eEd.
_936763
700 1 _aMartínez, Eduard
_eIl.
_9375
942 _2ddc
_cImpreso
_04
999 _c8117
_d8117